Mixed Word: Mystery Word Hunt Quiz Stats

Quiz Updated Oct 19, 2016

Challenge
Share
Tweet
Embed
Score 0/15 Timer 03:00
6 Plays Today
Hint Answer % Correct
VENYEN[V]Y
96.1%
MESHASHA[M]E
94.5%
VILE[E]VIL
94.3%
STULLUS[T]
93.2%
THAWRW[R]ATH
86.9%
REGEDGR[E]ED
86.2%
DIPERPR[I]DE
81.3%
TUTONGLYGL[U]TTONY
80.1%
Hint Answer % Correct
POSISGGOS[S]IP
78.2%
GRANE[A]NGER
74.1%
HOSTL[S]LOTH
71%
RIYACPPIRAC[Y]
59.8%
PASHYEMBLBLASPHE[M]Y
39.2%
LIONEVECVI[O]LENCE
30.4%
Mystery WordVirtues
19.6%

You're not logged in!

Compare scores with friends on all Sporcle quizzes.
Sign Up with Email
OR
Log In

You Might Also Like...

Show Comments

Extras

Top Quizzes Today


Score Distribution

Your Account Isn't Verified!

In order to create a playlist on Sporcle, you need to verify the email address you used during registration. Go to your Sporcle Settings to finish the process.